Polish Presidential Candidates in 2025 by Picture - Statistics

General Stats
  • This quiz has been taken 27 times
  • The average score is 11 of 13
Answer Stats
Picture Answer % Correct
Grzegorz Braun
100%
Rafał Trzaskowski
100%
Szymon Hołownia
100%
Karol Nawrocki
96%
Magdalena Biejat
96%
Sławomir Mentzen
96%
Adrian Zandberg
84%
Joanna Senyszyn
80%
Krzysztof Stanowski
76%
Marek Jakubiak
72%
Marek Woch
68%
Artur Bartoszewicz
64%
Maciej Maciak
64%
No matching quizzes found
Score Distribution
Percent of People with Each Score
Percentile by Number Answered
Your Score History
You have not taken this quiz